Diccionario enciclopédico EDAF / (Record no. 6309)

000 -CABECERA
fixed length control field 00746nam a22002057a 4500
003 - IDENTIFICADOR DEL NÚMERO DE CONTROL
control field AR-CdUCM
008 - DATOS DE LONGITUD FIJA--INFORMACIÓN GENERAL
fixed length control field 190314b ||||| |||| 00| 0 spa d
040 ## - FUENTE DE LA CATALOGACIÓN
Agencia/entidad que catalogó originalmente la obra MUNICIPALIDAD PROVINCIAL DEL CUSCO
Entidad que transcribió la catalogación BIBLIOTECA MUNICIPAL DEL CUSCO
082 ## - NÚMERO DE LA CLASIFICACIÓN DECIMAL DEWEY
No. de Clasificación 030 /
Notacion interna D73
110 ## - ENTRADA PRINCIPAL--NOMBRE DE ENTIDAD CORPORATIVA
Nombre de la institución, jurisdicción como entrada principal EDAF
9 (RLIN) 18080
245 ## - MENCIÓN DE TÍTULO
Título Diccionario enciclopédico EDAF /
260 ## - PUBLICACIÓN, DISTRIBUCIÓN, ETC.
Lugar de publicación, distribución, etc. Madrid :
Nombre de la editorial, distribuidor, etc. Liborio Estrada,
Fecha de publicación, distribución, etc. 1971.
300 ## - DESCRIPCIÓN FÍSICA
Nº de Páginas Extensión 9 tomos ;
Otros detalles físicos ilustraciones ;
Dimensiones 23 cm.
505 ## - NOTA DE CONTENIDO CON FORMATO
Nota de contenido formateada Contenido : t.1: a-baj -- t.2: baj-col -- t.3: col-emb -- t.4: emb-gos -- t.5: got-lam -- t.6: lam-nat -- t.7: nat-pre -- t.8: pre-ska -- t.9: ska-zyg
650 ## - PUNTO DE ACCESO ADICIONAL DE MATERIA--TÉRMINO DE MATERIA
Descriptor Diccionario
9 (RLIN) 5196
650 ## - PUNTO DE ACCESO ADICIONAL DE MATERIA--TÉRMINO DE MATERIA
Descriptor Enciclopedia
9 (RLIN) 18075
942 ## - ELEMENTOS DE PUNTO DE ACCESO ADICIONAL (KOHA)
Fuente de clasificación
Tipo de item Libros-BMC
945 ## - PROCESAMIENTO DE INFORMACIÓN LOCAL (OCLC)
Catalogador zta
Holdings
Estado de retiro (separado) Fuente de clasificación o esquema de estanterías Estado dañado Ubicación Sala donde se ubica Nombre de la colección Fecha de adquisición o compra Costo, precio normal en soles Signatura topográfica Código de Barras Última vez visto (Koha) Tipo de ítem (Koha)
No     Sala Humanidades Sala Humanidades Book Cart 2019-03-14 50.00 030 / ED23 / t.1 SH0000006641 2019-03-14 Libros-BMC
No     Sala Humanidades Sala Humanidades Book Cart 2019-03-14 50.00 030 / ED23 / t.2 SH0000006642 2019-03-14 Libros-BMC
No     Sala Humanidades Sala Humanidades Book Cart 2019-03-14 50.00 030 / ED23 / t.3 SH0000006643 2019-03-14 Libros-BMC
No     Sala Humanidades Sala Humanidades Book Cart 2019-03-14 50.00 030 / ED23 / t.5 SH0000006644 2019-03-14 Libros-BMC
No     Sala Humanidades Sala Humanidades Book Cart 2019-03-14 50.00 030 / ED23 / t.6 SH0000006645 2019-03-14 Libros-BMC
No     Sala Humanidades Sala Humanidades Book Cart 2019-03-14 50.00 030 / ED23 / t.7 SH0000006646 2019-03-14 Libros-BMC
No     Sala Humanidades Sala Humanidades Book Cart 2019-03-14 50.00 030 / ED23 / t.8 SH0000006981 2019-03-14 Libros-BMC
No     Sala Humanidades Sala Humanidades Book Cart 2019-03-14 50.00 030 / ED23 / t.9 SH0000006982 2019-03-14 Libros-BMC
No     Sala Humanidades Sala Humanidades Book Cart 2019-03-27 50.00 030 / ED23 / t.4 SH0000009983 2019-03-27 Libros-BMC

Powered by Koha